| 000 | 00464nam a2200157Ia 4500 | ||
|---|---|---|---|
| 008 | 240729s9999 xx 000 0 und d | ||
| 022 | _a2654-0274 | ||
| 245 | 0 | _aJournal of Contemporary Education Theory & Research | |
| 260 | _aGreece | ||
| 260 | _bInternational Hellenic University | ||
| 650 | _a Theory and practice of education | ||
| 650 | _aEducation | ||
| 856 | _uhttps://doaj.org/toc/760e8d7520b346e19c872f55febe1836 | ||
| 942 | _2ddc | ||
| 942 | _cDOAJEJ | ||
| 999 |
_c71129 _d71129 |
||
| 945 |
_a1 _bMadushi Gamage _c1 _dMadushi Gamage |
||